| 000 | 04277cam a22009617a 4500 | ||
|---|---|---|---|
| 999 | _c58819 | ||
| 001 | 9970397 | ||
| 003 | LIBRIS | ||
| 005 | 20211112102437.0 | ||
| 008 | 050905s2005 sw |||||||||||000 0|swe|c | ||
| 020 | _a9197559105 | ||
| 035 | _a(Bo)377399 | ||
| 035 | _a(Mo)b1580291 | ||
| 040 |
_aJs _ea |
||
| 041 | _aswe | ||
| 082 | 0 | 4 |
_a636.7 _222 (machine generated) |
| 084 |
_aQdfja _2kssb/7 |
||
| 084 |
_aL20 _2agrissc |
||
| 084 |
_aQdfja _2kssb/7 |
||
| 100 | 1 |
_aMalm, Kerstin, _d1961- _4aut |
|
| 245 | 1 | 0 |
_aHunden, människan, relationen / _cKerstin Malm ; [illustrationer: Dag Einarsson]. |
| 264 | 1 |
_aSkara : _bK. Malm Tanke i tryck, _ccop. 2005 |
|
| 300 |
_a140, [1] s. _bill. |
||
| 500 |
_5Mo _asvenska |
||
| 650 | 7 |
_aHundar _0https://id.kb.se/term/sao/Hundar _2sao |
|
| 650 | 7 |
_aHunddressyr _0https://id.kb.se/term/sao/Hunddressyr _2sao |
|
| 650 | 7 |
_aHundpsykologi _0https://id.kb.se/term/sao/Hundpsykologi _2sao |
|
| 650 | 7 |
_adogs _2agrovoc |
|
| 650 | 7 |
_abehaviour _2agrovoc |
|
| 650 | 7 |
_aanimal learning _2agrovoc |
|
| 650 | 7 |
_aanimal training _2agrovoc |
|
| 650 | 7 |
_aanimal welfare _2agrovoc |
|
| 650 | 0 | _aDogs | |
| 650 | 7 |
_aHundar _0https://id.kb.se/term/sao/Hundar _2sao |
|
| 650 | 7 |
_aHundpsykologi _0https://id.kb.se/term/sao/Hundpsykologi _2sao |
|
| 650 | 7 |
_aHunddressyr _0https://id.kb.se/term/sao/Hunddressyr _2sao |
|
| 655 | 4 |
_5Mo _aBok |
|
| 700 | 1 |
_aEinarsson, Dag _4ill |
|
| 887 |
_a{"@id":"7qjhjtrk07rqcbv","modified":"2011-11-07T09:48:01+01:00","checksum":"156770174917"} _2librisxl |
||
| 887 |
_a{"@id":"sx52t4gz02znp8d","modified":"2016-01-25T12:03:43+01:00","checksum":"179365555212"} _2librisxl |
||
| 887 |
_a{"@id":"hmtgw40n3r01dbz","modified":"2014-04-01T11:22:03+02:00","checksum":"160625326014"} _2librisxl |
||
| 887 |
_a{"@id":"ns0z4z3t1trg732","modified":"2008-08-25T09:56:44+02:00","checksum":"181786079386"} _2librisxl |
||
| 887 |
_a{"@id":"glrlhtvm02738fp","modified":"2017-03-21T10:54:54+01:00","checksum":"144598596909"} _2librisxl |
||
| 887 |
_a{"@id":"mrzcw6ds1r3ksj9","modified":"2012-04-03T09:56:24+02:00","checksum":"190458415778"} _2librisxl |
||
| 887 |
_a{"@id":"djpj8vtk1rvf23f","modified":"2017-09-26T14:12:04+02:00","checksum":"155510647928"} _2librisxl |
||
| 887 |
_a{"@id":"48f86kh94fbdr0r","modified":"2005-11-03T10:32:01+01:00","checksum":"203773143411"} _2librisxl |
||
| 887 |
_a{"@id":"59jnkdvb10hcnkp","modified":"2016-12-20T10:41:14+01:00","checksum":"163551641139"} _2librisxl |
||
| 887 |
_a{"@id":"hmvn600n0qccmcx","modified":"2015-06-22T10:38:39+02:00","checksum":"170539576098"} _2librisxl |
||
| 887 |
_a{"@id":"26dds8n73tssnhv","modified":"2009-02-23T09:03:14+01:00","checksum":"175930295332"} _2librisxl |
||
| 887 |
_a{"@id":"26c62vd73swmnvt","modified":"2005-10-13T13:35:43+02:00","checksum":"169721113249"} _2librisxl |
||
| 887 |
_a{"@id":"mwnbpf56khb6p6ng","modified":"2018-08-07T15:50:58.79+02:00","checksum":"184914636110"} _2librisxl |
||
| 942 |
_2z _cBOOK |
||